• 首页
  • 本馆介绍
  • 公告通知
  • 最新文献
  • 馆藏检索
  • 电子资源
  • 读者导购
  • 参考咨询
  • 我的图书馆
  • 登录
  • 详细信息显示
  • 放入我的书架
  • 预约/预借图书
  • 作者相关作品
  • 分类相关作品
  • 丛书相关作品
  • 出版社相关作品

书目信息

  • 表格格式
  • 工作单格式
  • 卡片格式
题名:
数据与监控:信息安全的隐形之战
    
 
作者: 施奈尔 著 ;李先奇 , 黎秋玲 译
分册:  
出版信息: 北京   金城出版社  2017.02
页数: 362页
开本: 24cm
丛书名: 国家安全译丛
单 册:
中图分类: G202 , G203
科图分类:
主题词: 信息--数据--监视控制 , 信息安全
电子资源:
ISBN: 978-7-5155-1446-8
000 01581oam2 2200325 450
001 985
005 20180927091425.86
010    @a978-7-5155-1446-8@dCNY78.00
100    @a20180217d2017 em y0chiy50 ea
101 1  @achi@ceng
102    @aCN@b110000
105    @ay z 000yy
200 1  @a数据与监控:信息安全的隐形之战@Ashu ju yu jian kong:xin xi an quan de yin xing zhi zhan@9shu ju yu jian kong@e信息安全的隐形之战@dData and goliath@ethe hidden battles to collect your data and control your world@f(美)布鲁斯·施奈尔(Bruce Schneier)著@g李先奇,黎秋玲译@zeng
210    @a北京@c金城出版社@d2017.02
215    @a362页@d24cm
225 1  @a国家安全译丛@v010
305    @a通过Bardon-Chinese由W.W. Norton & Company, Inc. 授权出版
330    @a本书分三部分:第一部分讲述了在现今世界,我们大量的个人数据会被政府和企业监控,用于分析并控制我们;在第二部分中作者认为,政治自由和公平、商业公平与平等,甚至隐私以及安全都因监控岌岌可危,并分析了对社会的影响;在第三部分中作者对政府、企业和民众分别给出了切实可行的建议,探讨如何才能有效应对监控,保护信息安全和隐私。
461  0 @12001 @a国家安全译丛
510 1  @aData and goliath@ethe hidden battles to collect your data and control your world@zeng
517 1  @a信息安全的隐形之战@9xin xi an quan de yin xing zhi zhan
606 0  @a信息@x数据@x监视控制
606 0  @a信息安全
690    @aG202@v5
690    @aG203@v5
701  0 @c(美)@a施奈尔@9shi nai er@c(Schneier, Bruce)@4著
702  0 @a李先奇@9li xian qi@4译
702  0 @a黎秋玲@9li qiu ling@4译
801  0 @aCN@b91MARC@c20180217
905    @aMuseLib@dG202@e717
    
    数据与监控:信息安全的隐形之战:信息安全的隐形之战=Data and goliath:the hidden battles to collect your data and control your world/(美)布鲁斯·施奈尔(Bruce Schneier)著/李先奇,黎秋玲译.-北京:金城出版社,2017.02
    362页;24cm.-(国家安全译丛;010)
    
    
    ISBN 978-7-5155-1446-8:CNY78.00
    本书分三部分:第一部分讲述了在现今世界,我们大量的个人数据会被政府和企业监控,用于分析并控制我们;在第二部分中作者认为,政治自由和公平、商业公平与平等,甚至隐私以及安全都因监控岌岌可危,并分析了对社会的影响;在第三部分中作者对政府、企业和民众分别给出了切实可行的建议,探讨如何才能有效应对监控,保护信息安全和隐私。
●
相关链接 在E读中查询图书 在五车中查询图书 在当当中查询图书 在豆瓣中查询图书


正题名:数据与监控:信息安全的隐形之战     索取号:G202/717         预约/预借

序号 登录号 条形码 馆藏地/架位号 状态 备注
1 1120614   211206149   第一样本阅览室/ [索取号:G202/717] 在馆    
2 1120615   211206158   第四借阅区/ [索取号:G202/717] 在馆    
3 1120616   211206167   第四借阅区/ [索取号:G202/717] 在馆    
4 1120617   211206176   第四借阅区/ [索取号:G202/717] 在馆    
5 1120618   211206185   第四借阅区/ [索取号:G202/717] 在馆    
唐山师范学院图书馆 欢迎您!
大连网信软件有限公司© 版权所有